Представление документа в формате RUSMARC

ПолеНазваниеЗначение
  Тип записи a
  Библиографический уровень m
001 Контрольный номер 0a41815084754d88bf176c282bbe090e
005 Дата корректировки 20260508085215.4
010 Индекс ISBN __
a ISBN 978-5-907957-26-8
b Уточнения в пер.
100 Данные общей обработки __
a Данные общей обработки 20260507d2025 daey0rusa028902 ca
101 Язык документа 0_
a Язык текста rus
102 Страна публикации __
a Страна публикации RU
105 Кодированные данные (монография) __
a Кодированные данные (монография) a z 000ay
181 Поле кодированных данных: вид содержания _0
a Код вида содержания (ISBD) i
182 Поле кодированных данных: тип средства _0
a Код типа средства (ISBD) n
200 Заглавие и сведения об ответственности 1_
a Заглавие Шишкин корень
e Сведения, относящиеся к заглавию [повесть : для среднего и старшего школьного возраста]
f Первые сведения об ответственности Алиса Стрельцова
g Последующие сведения об ответственности иллюстратор: Ирина Щипицына
203 Вид содержания и тип средства __
a Вид содержания Текст
c Тип средства непосредственный
205 Сведения об издании __
a Основные сведения об издании 2-е издание, редизайн
210 Выходные данные 1_
a Место издания Москва
c Издательство КомпасГид
d Дата издания 2025
215 Физическое описание __
d Формат 22 см
c Иллюстрации/тип воспроизводства ил.
a Объем 241, [2] с.
300 Общие примечания __
a Общие примечания 1-я книга цикла "Сережа Шишкин"
300 Общие примечания __
a Общие примечания На форзаце автограф автора: "Увлекательного путешествия по страницам книги! Алиса Стрельцова. Подпись" (1 экз.)
330 Аннотация __
a Аннотация Спасаясь от хулиганов, налететь на старушку, потерять сознание и очутиться в Нижнем Новгороде 1896 года... Ничего страшного! Если ты собирал материал для краеведческого проекта и подробно изучил историю всех центральных улиц города, тогда ты точно знаешь, какое здание ожидает за поворотом и куда едет первый в России электрический трамвай. Или всё же нет? Когда первые восторги проходят, главный герой, восьмиклассник Серёжа Шишкин, постепенно осознаёт, что путешествие в прошлое - это не развлекательная прогулка. Как заработать деньги на еду и где жить? Что делать, если ты узнал о готовящемся ограблении? И кому вообще можно доверять? А самое главное: как вернуться домой, где тебя ждут мама и сестрёнка? Писательница Алиса Стрельцова так увлеклась когда-то историей Нижнего Новгорода, что решила отправить своих героев на сто тридцать лет назад. И у неё отлично получилось совместить захватывающий сюжет с огромным количеством интересных деталей. А художница Ирина Щипицына прекрасно дополнила повесть картинками из жизни Нижнего Новгорода конца XIX века.
333 Примечание о целевом назначении __
a Примечание о целевом назначении 6+. Для детей старше шести лет
517 Другие варианты заглавия 1_
a Другие варианты заглавия Сережа Шишкин
606 Тематические рубрики __
2 Код системы nlr_sh
a Основная рубрика Художественная литература
606 Тематические рубрики __
2 Код системы nlr_sh
a Основная рубрика Современная русская литература (произведения)
610 Ключевые слова 0_
a Ключевые слова русская литература
610 Ключевые слова 0_
a Ключевые слова современная проза
610 Ключевые слова 0_
a Ключевые слова детская литература
610 Ключевые слова 0_
a Ключевые слова подростковая литература
610 Ключевые слова 0_
a Ключевые слова повести
610 Ключевые слова 0_
a Ключевые слова повести для детей
610 Ключевые слова 0_
a Ключевые слова повести о детях
610 Ключевые слова 0_
a Ключевые слова детективное фэнтези
610 Ключевые слова 0_
a Ключевые слова исторические приключения
610 Ключевые слова 0_
a Ключевые слова магический реализм
610 Ключевые слова 0_
a Ключевые слова приключенческие детективы
610 Ключевые слова 0_
a Ключевые слова приключения для детей
610 Ключевые слова 0_
a Ключевые слова попаданцы
610 Ключевые слова 0_
a Ключевые слова перемещение во времени
610 Ключевые слова 0_
a Ключевые слова книги-лауреаты
686 Индексы других классификаций __
2 Код системы rubbks
a Классификационный индекс 84(2=411.2)6-445; ст84(2=411.2)6-445
700 Автор _1
a Фамилия Стрельцова
b Имя А.
f Даты 1977-
g Полное личное имя Алиса
4 Код отношения 070
4 Код отношения 450
702 Вторичная интеллектуальная ответственность _1
a Фамилия Щипицына
b Имя И.
g Полное личное имя Ирина
4 Код отношения 440
801 Источник записи _1
a Страна RU
b Организация Муниципальное бюджетное учреждение культуры "Централизованная библиотечная система" г. Сургут (Центральная городская библиотека им. А. С. Пушкина)
c Дата составления 20260507
g Правила каталогизации PSBO
801 Источник записи _2
a Страна RU
b Организация Муниципальное бюджетное учреждение культуры "Централизованная библиотечная система" г. Сургут (Центральная городская библиотека им. А. С. Пушкина)
c Дата составления 20260507
g Правила каталогизации PSBO
852 Данные о местонахождении __
i Авторский знак С 84
j Шифр хранения 84(2=411.2)6-445
901 Тип документа __
a Ответственный ООФиК/Волкова
t Тип документа m
901 Тип документа __
a Ответственный без партии
903 Характеристики (МАРС) __
a Дата передачи 20260507
c Наименование библиотеки (МАРС) Муниципальное бюджетное учреждение культуры "Централизованная библиотечная система" г. Сургут (Центральная городская библиотека им. А. С. Пушкина)
969 Тип издания __
a Тип издания издание для детей
a Тип издания издание для подростков